| 000 | 01418nam a2200253 a 4500 | ||
|---|---|---|---|
| 008 | 090304s1998 ||||||||||||||||| || u | ||
| 020 | _a1853394327 | ||
| 050 | _aTD 665 Kol | ||
| 100 | _aKolsky, Pete | ||
| 245 | 1 | 0 | _aStorm drainage: an engineering guide to the low-cost evaluation of system performance |
| 260 |
_aLondon _bINTERMEDIATE TECHNOLOGY _c1998 |
||
| 300 | _ax, 134p.: ill. | ||
| 350 | _a0.00 | ||
| 650 | _aDRAINAGE | ||
| 650 | _aROOF DRAINAGE | ||
| 650 | _aURBAN RUNOFF | ||
| 650 | _aWATER | ||
| 650 | _aSTORM SEWERS--DEVELOPING COUNTRIES | ||
| 995 |
_aANNEX COLLECTION (Main Library) _e742740 _FCBU-MAIN LIBRARY (Kitwe) _I0.00 _jTD 665 Kol _M5 _UAVAILABLE _WJun 14, 2012 _y742740 _ZAnnex Low-Usage Collection |
||
| 995 |
_aANNEX COLLECTION (Main Library) _D0.00 _e739354 _FCBU-MAIN LIBRARY (Kitwe) _H1 _I0.00 _jTD 665 Kol _M2 _UAVAILABLE _WMar 25, 2009 _y739354 _ZAnnex Low-Usage Collection |
||
| 995 |
_aANNEX COLLECTION (Main Library) _D0.00 _e739353 _FCBU-MAIN LIBRARY (Kitwe) _H1 _I0.00 _jTD 665 KOL _M1 _UAVAILABLE _WMar 25, 2009 _y739353 _ZAnnex Low-Usage Collection |
||
| 995 |
_aMAIN LIBRARY OPEN ACCESS _D0.00 _e739700 _FCBU-MAIN LIBRARY (Kitwe) _H1 _I0.00 _jTD 665 KOL _M3 _UAVAILABLE _WMar 26, 2009 _y739700 _ZMain Library Open Access Collection |
||
| 995 |
_aMAIN LIBRARY OPEN ACCESS _D0.00 _e739711 _FCBU-MAIN LIBRARY (Kitwe) _H1 _I0.00 _jTD 665 KOL _M4 _UAVAILABLE _WApr 2, 2009 _y739711 _ZMain Library Open Access Collection |
||
| 999 |
_c76830 _d76830 |
||